Cumhurbaşkanı Sayın Süleyman Demirel'in CNN Türk televizyonunda yayınlanan mülâkatı (Record no. 10615)

MARC details
000 -BAŞLIK
Sabit Uzunlukta Kontrol Alanı 00669na a2200205 4500
001 - KONTROL NUMARASI
Denetim Alanı 24051
003 - KONTROL NUMARASI IDENTIFIER
Denetim Alanı MIRAKIL
005 - SON İŞLEM TARİHİ VE ZAMANI
Denetim Alanı 20181213155328.0
008 - SABİT-BOY VERİ ELEMANLARI - GENEL BİLGİLER
Sabit Uzunlukta Kontrol Alanı 180306b tu 000 0
040 ## - KATALOGLAMA KAYNAK
Orijinal Kataloglama Ajansı Milas
Kataloglama Dili tur
Metne Dönüştürmek Ajansı TR-AnCHP
041 ## - DİL KODU
Metin / Ses Parça Veya Ayrı Başlığın Dil Kodu tur
082 ## - DEWEY ONLU SINIFLANDIRMA NUMARASI
Sınıflandırma Numarası 353.0312
Ürün Numarası C85 1999
090 ## - SINIFLAMA NUMARASI
Sınıflama Numarası 353.0312 C85 1999
245 ## - BAŞLIK TABLOSU
Başlık Cumhurbaşkanı Sayın Süleyman Demirel'in CNN Türk televizyonunda yayınlanan mülâkatı
Sorumluluk Tablosu, Vb Süleyman Demirel
260 ## - YAYIN, DAĞITIM, VB
Yayın, Dağıtım, Vb Yeri Ankara
Yayıncı, Dağıtıcı, Vs Adı [Cumhurbaşkanlığı]
Yayın, Dağıtım, Vb Tarihi 1999
Üretici Firma Başbakanlık Basımevi
300 ## - FİZİKSEL TANIM
Kapsam 37 s.
Boyutlar 20 sm.
600 ## - KONU KATMA GİRİŞ - KURUMSAL ADI
Kişisel Ad Demirel, Süleyman
Genel Alt Bölümü Mülakatlar
Coğrafi Alt Bölümü Türkiye
650 ## - KONU KATMA GİRİŞ - TOPİKAL DÖNEM
Topikal Süreli Veya Coğrafi Ad Giriş Elemanı Cumhurbaşkanları
Genel Alt Bölümü Mülakatlar
942 ## - EKLENDİ GİRİŞ ELEMANLARI (KOHA)
Sınıflandırma Veya Raf Düzeni Kaynak
Koha Öğesi Türü Books
999 ## - SİSTEM KONTROL NUMARALARI (KOHA)
Koha Biblionumber 10615
Koha Biblioitemnumber 10615
Holdings
Kalıcı Konum Mevcut Konum Edinme Tarihi Edinim Kaynak Toplam Check-Out'Lar Tam Çağrı Numarası Barkod Tarih Son Görülme İtibaren Geçerli Fiyatlar Koha Öğesi Türü
CHP Kütüphanesi CHP Kütüphanesi 03/06/2018 Bağış   353.0312 C85 1999 018080 03/06/2018 03/06/2018 Books